Du lịch trong thế giới hóa học

Đã lưu trong:
Bibliografiske detaljer
Hovedforfatter: Vũ, Bội Tuyền
Format: Bog
Sprog:Undetermined
Udgivet: Hà Nội Văn hóa Thông tin 2000
Fag:
Tags: Tilføj Tag
Ingen Tags, Vær først til at tagge denne postø!
Thư viện lưu trữ: Trung tâm Học liệu Trường Đại học Cần Thơ
LEADER 00504nam a2200181Ia 4500
001 CTU_94914
008 210402s9999 xx 000 0 und d
082 |a 540 
082 |b T577 
100 |a Vũ, Bội Tuyền 
245 0 |a Du lịch trong thế giới hóa học 
245 0 |c Vũ Bội Tuyền 
260 |a Hà Nội 
260 |b Văn hóa Thông tin 
260 |c 2000 
650 |a Chemistry 
904 |i Trúc 
980 |a Trung tâm Học liệu Trường Đại học Cần Thơ